Logo BPK

Biblioteka

Politechniki Koszalińskiej

Ekonometria : (Rekord nr 56025)

Szczegóły MARC
000 -ETYKIETA REKORDU
podpole kontrolne o stałej długości 00988cam a2200289 i 4500
001 - NUMER KONTROLNY REKORDU
pole kontrolne bg
003 - IDENTYFIKATOR NUMERU KONTROLNEGO REKORDU
podpole kontrolne KOSZ 005
005 - DATA OSTATNIEJ MODYFIKACJI REKORDU
podpole kontrolne 20220909115446.0
008 - POLE O STAŁEJ DŁUGOŚCI - DANE KONTROLNE
podpole kontrolne o stałej długości 071010s2007 pl f f |000 0 pol d
020 ## - MIĘDZYNARODOWY ZNORMALIZOWANY NUMER KSIĄŻKI - ISBN
ISBN 9788301152918
040 ## - ŹRÓDŁO KATALOGOWANIA
Instytucja, która utworzyła rekord KOSZ 005/HR
Instytucja, która sporządziła opis KOSZ 005/HR
Instytucja, która dokonała modyfikacji KOSZ 005/HR
041 ## - KOD JĘZYKA
Kod języka tekstu pol
080 ## - UNIWERSALNA KLASYFIKACJA DZIESIĘTNA - UKD
UKD 330.43
080 ## - UNIWERSALNA KLASYFIKACJA DZIESIĘTNA - UKD
UKD (075.8)
100 1# - NAZWA OSOBOWA
Nazwa osobowa Borkowski, Bolesław
Daty związane z nazwą (1952- ).
245 10 - TYTUŁ/ODPOWIEDZIALNOŚĆ
Tytuł Ekonometria :
Ciąg dalszy tytułu wybrane zagadnienia /
Pozostałe elementy strefy tytułu i oznaczenia odpowiedzialności Bolesław Borkowski, Hanna Dudek, Wiesław Szczesny.
250 ## - STREFA WYDANIA
Oznaczenie wydania Wyd. 1, 2 dodr.
260 ## - STREFA ADRESU WYDAWNICZEGO
Miejsce wydania Warszawa :
Nazwa wydawcy/dystrybutora Wydawnictwo Naukowe PWN,
Data publikacji, dystrybucji/powstania dokumentu 2007.
300 ## - STREFA OPISU FIZYCZNEGO
Objętość 290 s. :
Inne cechy fizyczne il. ;
Rozmiary 24 cm.
504 ## - UWAGA DOTYCZĄCA BIBLIOGRAFII
Informacje o bibliografii Bibliogr. s. 289-290.
655 #4 - TERMIN INDEKSOWY - OKREŚLENIE RODZAJU/FORMY DOKUMENTU
Określenie rodzaju/formy dokumentu Podręczniki akademickie
650 #4 - HASŁO PRZEDMIOTOWE W FORMIE NAZWY OGÓLNEJ LUB JEDNOSTKOWEJ
Nazwa ogólna lub geograficzna Ekonometria
700 1# - HASŁO DODATKOWE - NAZWA OSOBOWA
Nazwa osobowa Dudek, Hanna
Dopowiedzenie (nauki ekonomiczne).
700 1# - HASŁO DODATKOWE - NAZWA OSOBOWA
Nazwa osobowa Szczęsny, Wiesław
Daty związane z nazwą (1947- )
Określenie związku między hasłem a opisywanym materiałem Autor
856 ## - LOKALIZACJA I DOSTĘP DO ELEKTRONICZNYCH DOKUMENTÓW ZDALNYCH
Link (URL) http://koha.tu.koszalin.pl/cgi-bin/koha/opac-detail.pl?biblionumber=56025
Tekst linku Katalog online BPK
942 ## - DODATKOWE ELEMENTY (KOHA)
Typ dokumentu Książka
Schemat klasyfikacji Uniwersalna Klasyfikacja Dziesiętna
Egzemplarze
Wycofany Status egzemplarza Uszkodzony Dostępność Lokalizacja stała Lokalizacja bieżąca Miejsce przechowywania Sygnatura Kod kreskowy Dział Typ dokumentu Numer ubytku Ostatnio wypożyczono
      Tylko na miejscu Biblioteka Politechniki Koszalińskiej Biblioteka Politechniki Koszalińskiej Czytelnia BG 90200 02460444 330.4 Ekonometria Książka    
      Tylko na miejscu Biblioteka Politechniki Koszalińskiej Biblioteka Politechniki Koszalińskiej Czytelnia Wydziałowa ul. Kwiatkowskiego 6e 90201 02460437 330.43 Ekonometria Książka    
  Egz. niedostępny   Niedostępny Biblioteka Politechniki Koszalińskiej Biblioteka Politechniki Koszalińskiej   90202 02460420   Książka 16951  
      Dostępny Biblioteka Politechniki Koszalińskiej Biblioteka Politechniki Koszalińskiej Wypożyczalnia BG 90203 02460413   Książka   04.02.2019
      Dostępny Biblioteka Politechniki Koszalińskiej Biblioteka Politechniki Koszalińskiej Wypożyczalnia BG 110619 00342698   Książka    
© 2023 Biblioteka Politechniki Koszalińskiej :: KOHA